| 000 | 00577nam a22001937a 4500 | ||
|---|---|---|---|
| 003 | MN-UlNLM | ||
| 005 | 20241015105838.0 | ||
| 008 | 240920s2021 mp ||||| |||| 00| 0 mon d | ||
| 020 | _a9789919258900 | ||
| 040 | _bmon | ||
| 084 |
_2NNA _a84(5Мон)-44 _bЗ-271 _q84 |
||
| 100 | 1 | _aЗандраабайдий Х. | |
| 245 | 1 |
_aХагацал учрал _bХоймсон роман _cРед. С.Лочин _cЗөвл. Ш.Энхбаяр |
|
| 260 | 1 |
_aУБ _bЖиком пресс _c2021 |
|
| 300 | _a292х | ||
| 546 | _amon | ||
| 650 | _aУран зохиол | ||
| 942 | _cBK | ||
| 999 |
_c1145190 _d1145247 |
||